• 首页
  • 本馆介绍
  • 公告通知
  • 最新文献
  • 馆藏检索
  • 电子资源
  • 读者导购
  • 参考咨询
  • 我的图书馆
  • 登录
  • 详细信息显示
  • 放入我的书架
  • 预约/预借图书
  • 作者相关作品
  • 分类相关作品
  • 丛书相关作品
  • 出版社相关作品

书目信息

  • 表格格式
  • 工作单格式
  • 卡片格式
题名:
帝国60年
    
 
作者: 鹤阑珊 著
分册:  
出版信息: 哈尔滨   哈尔滨出版社  2017
页数: 197页
开本: 24cm
丛书名:
单 册:
中图分类: K234.07
科图分类:
主题词: 汉代--han dai--历史--通俗读物
电子资源:
ISBN: 978-7-5484-2969-2
000 01138nam0 22002651 450
001 0122100932
005 20170322105741.67
010    @a978-7-5484-2969-2@dCNY38.00
100    @a20170119d2017 em y0chiy50 ea
101 0  @achi
102    @aCN@b230000
105    @ay z 000yy
106    @ar
200 1  @a帝国60年@9di guo 60nian@f鹤阑珊著
205    @a2版
210    @a哈尔滨@c哈尔滨出版社@d2017
215    @a197页@d24cm
312    @a封面副题名:一个用六十年时间奠定中华文明领先世界两千年基础的神话
330    @a本书介绍了汉王朝自开国至汉武帝时期约60年的历史,分析了当时的重要政策,以及若干决策性和核心性人物,展现了汉王朝强盛的历史过程,说明一个国家的发展需要着眼自己的国情,唯有实力才是真正的决定性因素,让读者了解汉代深层次的政策及执行过程,为后世提供借鉴。
517 1  @a一个用六十年时间奠定中华文明领先世界两千年基础的神话@9yi ge yong liu shi nian shi jian dian ding zhong hua wen ming ling xian shi jie liang qian nian ji chu de shen hua
606 0  @a汉代@9han dai@x历史@j通俗读物
690    @aK234.07@v5
701  0 @a鹤阑珊@9he lan shan@4著
801  0 @aCN@bTANGWEI@c20170308
905    @b0960942-5@dK234.07@e50=2@f4
    
    帝国60年/鹤阑珊著.-2版.-哈尔滨:哈尔滨出版社,2017
    197页;24cm
    
    
    ISBN 978-7-5484-2969-2:CNY38.00
    本书介绍了汉王朝自开国至汉武帝时期约60年的历史,分析了当时的重要政策,以及若干决策性和核心性人物,展现了汉王朝强盛的历史过程,说明一个国家的发展需要着眼自己的国情,唯有实力才是真正的决定性因素,让读者了解汉代深层次的政策及执行过程,为后世提供借鉴。
●
相关链接 在E读中查询图书 在五车中查询图书 在当当中查询图书 在豆瓣中查询图书


正题名:帝国60年     索取号:K234.07/50=2         预约/预借

序号 登录号 条形码 馆藏地/架位号 状态 备注
1 0960942   209609422   第二样本阅览室/ [索取号:K234.07/50=2] 在馆    
2 0960943   209609431   第二借阅区/ [索取号:K234.07/50=2] 在馆    
3 0960944   209609440   第二借阅区/ [索取号:K234.07/50=2] 在馆    
4 0960945   209609459   第二借阅区/ [索取号:K234.07/50=2] 在馆    
唐山师范学院图书馆 欢迎您!
大连网信软件有限公司© 版权所有